Search the Library Catalogue
| 000 -LEADER | |
|---|---|
| fixed length control field | 00510nam a2200193 a 4500 |
| 008 - FIXED-LENGTH DATA ELEMENTS--GENERAL INFORMATION | |
| fixed length control field | 250812s2001##################000#0#eng## |
| 020 ## - INTERNATIONAL STANDARD BOOK NUMBER | |
| ISBN | 9780747553205 |
| 082 04 - DEWEY DECIMAL CLASSIFICATION NUMBER | |
| Classification number | 971.06092 |
| Item number | FIO |
| 100 1# - MAIN ENTRY--AUTHOR NAME | |
| Personal name | Fiorito, Joe, |
| 245 10 - TITLE STATEMENT | |
| Title | The Closer We are to Dying : |
| 260 ## - PUBLICATION, DISTRIBUTION, ETC. (IMPRINT) | |
| Name of publisher | Bloomsbury Paperbacks, |
| Year of publication | 2001. |
| 300 ## - PHYSICAL DESCRIPTION | |
| Number of Pages | 321 pages |
| 650 #0 - SUBJECT ADDED ENTRY--TOPICAL TERM | |
| Topical Term | Fathers and sons. |
| 942 ## - ADDED ENTRY ELEMENTS (KOHA) | |
| Koha item type | English Books |
No items available.